Sports Quiz

Random Sports or Baseball Quiz

Baseball Player by Statue Quiz Stats

 Plays Quiz Updated Aug 2, 2016

Also try: Musician by Statue
Challenge
Share
Tweet
Score 0/24 Timer 05:00
2 Plays Today
% Correct
Ty Cobb
80.3%
Ernie Banks
77.3%
Ted Williams
75.4%
Tony Gwynn
73.7%
Frank Robinson
73.1%
Kirby Puckett
72.6%
Mike Schmidt
69.1%
Ozzie Smith
69%
Nolan Ryan
65%
Harmon Killebrew
63.6%
Honus Wagner
60%
Babe Ruth
58.7%
% Correct
Hank Aaron
58%
Carl Yastrzemski
53.8%
Willie Mays
53.2%
Warren Spahn
44.6%
Willie McCovey
42.5%
Joe DiMaggio
42%
Stan Musial
28.1%
Roberto Clemente
27.9%
Roy Campanella
26.9%
Willie Stargell
22.2%
Ernie Lombardi
10%
Al Kaline
6.5%

You're not logged in!

Compare scores with friends on all Sporcle quizzes.
OR
Log In

You Might Also Like...

Show Comments

Extras

Top Quizzes Today


Score Distribution

Your Account Isn't Verified!

In order to create a playlist on Sporcle, you need to verify the email address you used during registration. Go to your Sporcle Settings to finish the process.

Report this User

Report this user for behavior that violates our Community Guidelines.

Details: